00351 2200157 4500245003900000250001100039100000900050650001600059005001900075260001700094041001400111084001400125300001800139500002700157336000900184 aAlat Musik TradisionalcAdithText aCet. 1 aAdit aKarya Siswa a20250925104715 aJakrtac2025 aIndonesia a081 ADI a ailus. :c22cm aKarya Siswa Kelas X-PH atext